| 000 | 00604nam a2200229Ia 4500 | ||
|---|---|---|---|
| 003 | OSt | ||
| 005 | 20220918193432.0 | ||
| 006 | a|||||r|||| 00| 0 | ||
| 007 | ta | ||
| 008 | 220917b |||||||| |||| 00| 0 eng d | ||
| 024 | _a73,088 | ||
| 037 | _cTextual | ||
| 040 |
_aARTS _cARTS _beng |
||
| 041 |
_2eng _aeng |
||
| 082 | _aR5, J8-;1 (MILSC) | ||
| 100 | _aBeardsley Monroe C | ||
| 245 | 0 |
_aAesthetics _b problems in the philosophy of criticism |
|
| 260 | _c1958 | ||
| 650 | _aAESTHETICS | ||
| 942 |
_hR5, J8-;1 (MILSC) _cTEXL _2CC |
||
| 999 |
_c199007 _d199007 |
||